00599nam a2200181Ii 450000100060000000300090000600800410001504000330005604100080008908200220009711000720011924500900019126400430028130000120032433600260033633700280036233800270039013254CO-ViMGA241108s9999||||xx |||||||||||||| ||und|| aCO-ViMGAbspaerdacCO-ViMGA0 aspa04aF.FC 630.2 - C67c1 aCorporación Colombiana de Investigación Agrapocuaria "Corpoica"10aContribución de Corpoica a la investigación y desarrollo agropecuario de Colombia 1aBogotá, Colombia : Produmedios, 1998 avolumen atextbtxt2rdacontent aunmediatedbn2rdamedia avolumebnc2rdacarrier